LEADER 03941oam 2200625I 450 001 9910463156103321 005 20200520144314.0 010 $a0-429-10618-1 010 $a1-4398-3816-X 024 7 $a10.1201/b14859 035 $a(CKB)2670000000353739 035 $a(EBL)1182615 035 $a(OCoLC)843203483 035 $a(SSID)ssj0000873907 035 $a(PQKBManifestationID)11526835 035 $a(PQKBTitleCode)TC0000873907 035 $a(PQKBWorkID)10878093 035 $a(PQKB)10727664 035 $a(MiAaPQ)EBC1182615 035 $a(Au-PeEL)EBL1182615 035 $a(CaPaEBR)ebr10693177 035 $a(CaONFJC)MIL502245 035 $a(OCoLC)841809212 035 $a(EXLCZ)992670000000353739 100 $a20180331d2013 uy 0 101 0 $aeng 135 $aur|n|---||||| 181 $ctxt 182 $cc 183 $acr 200 00$aSpike timing $emechanisms and function /$fedited by Patricia M. DiLorenzo, Jonathan D. Victor 210 1$aBoca Raton :$cTaylor & Francis/CRC Press,$d2013. 215 $a1 online resource (411 p.) 225 1 $aFrontiers in neuroscience 300 $aDescription based upon print version of record. 311 $a1-4398-3815-1 320 $aIncludes bibliographical references. 327 $aSpike trains as event sequences : fundamental implications / Jonathan D. Victor and Sheila Nirenberg -- Neural coding and decoding with spike times / Ran Rubin, Robert Gu?tig, and Haim Sompolinsky -- Can we predict every spike? / Richard Naud and Wolfram Gerstner -- Statistical identification of synchronous spiking / Matthew T. Harrison, Asohan Amarasingham, and Robert E. Kass -- Binless estimation of mutual information in metric spaces / Ayelet-Hashahar Shapira, Jonathan D. Victor, and Israel Nelken -- Measuring information in spike trains about intrinsic brain signals / Gautam Agarwal and Friedrich T. Sommer -- Role of oscillation-enhanced neural precision in information transmission between brain areas / Paul H. Tiesinga, Sas?a Koz?elj, and Francesco P. Battaglia -- Timing information in insect mechanosensory systems / Alexander G. Dimitrov and Zane N. Aldworth -- Neural encoding of dynamic inputs by spike timing / Matthew H. Higgs and William J. Spain -- Relating spike times to perception : auditory detection and discrimination / Laurel H. Carney -- Spike timing and neural codes for odors / Sam Reiter and Mark Stopfer -- Spike timing as a mechanism for taste coding in the brainstem / Patricia M. Di Lorenzo -- Increases in spike timing precision improves gustatory Discrimination upon Learning / Ranier Gutierrez and Sidney A. Simon -- Spike timing in early stages of visual processing / Paul R. Martin and Samuel G. Solomon -- Cortical computations using relative spike timing / Timothy J. Gawne. 330 $aNeuronal communication forms the basis for all behavior, from the smallest movement to our grandest thought processes. Among the many mechanisms that support these functions, spike timing is among the most powerful and-until recently-perhaps the least studied. In the last two decades, however, the study of spike timing has exploded. The heightened interest is due to several factors. These include the development of physiological tools for measuring the activity of neural ensembles and analytical tools for assessing and characterizing spike timing. These advances are coupled with a growing appr 410 0$aFrontiers in neuroscience (Boca Raton, Fla.) 606 $aSynapses 606 $aNeural transmission 608 $aElectronic books. 615 0$aSynapses. 615 0$aNeural transmission. 676 $a612.8/1046 701 $aDiLorenzo$b Patricia M$0902027 701 $aVictor$b J. D$g(Jonathan D.)$0902028 801 0$bMiAaPQ 801 1$bMiAaPQ 801 2$bMiAaPQ 906 $aBOOK 912 $a9910463156103321 996 $aSpike timing$92016511 997 $aUNINA LEADER 01333nam a22003375i 4500 001 991002214899707536 007 cr nn 008mamaa 008 100805s1986 gw | s |||| 0|fre d 020 $a9783540397816 035 $ab14139169-39ule_inst 040 $aBibl. Dip.le Aggr. Matematica e Fisica - Sez. Matematica$beng 082 04$a519.2$223 084 $aAMS 60-02 084 $aAMS 35P05 100 1 $aCarmona, René$0149642 245 10$aEcole d'eté de probabilités de Saint Flour XIV - 1984$h[e-book] /$cby René Carmona, Harry Kesten, John B. Walsh ; edited by P. L. Hennequin 260 $aBerlin :$bSpringer,$c1986 300 $a1 online resource (x, 439 p.) 440 0$aLecture Notes in Mathematics,$x0075-8434 ;$v1180 650 0$aMathematics 650 0$aDistribution (Probability theory) 700 1 $aKesten, Harry$eauthor$4http://id.loc.gov/vocabulary/relators/aut$048187 700 1 $aWalsh, John B. 700 1 $aHennequin, P. L. 773 0 $aSpringer eBooks 856 40$uhttp://dx.doi.org/10.1007/BFb0074917$zAn electronic book accessible through the World Wide Web 907 $a.b14139169$b03-03-22$c05-09-13 912 $a991002214899707536 996 $aEcole d'eté de probabilités de Saint Flour XIV - 1984$91443136 997 $aUNISALENTO 998 $ale013$b05-09-13$cm$d@ $e-$ffre$ggw $h0$i0